Statistics for Countries with Developed Missile Systems

Click here to take the quiz!

General Stats

  • This quiz has been taken 78 times
  • The average score is 6 of 7

Answer Stats

Country% Correct
China
100%
Russia
100%
France
98%
United States
98%
India
94%
Israel
88%
Taiwan
38%

Score Distribution

Percentile by Number Answered

Percent of People with Each Score

Your Score History

You have not taken this quiz